Normal view
MARC view
Entry Personal Name
001 - CONTROL NUMBER
- control field: 87803
003 - CONTROL NUMBER IDENTIFIER
- control field: dpl
005 - DATE AND TIME OF LATEST TRANSACTION
- control field: 20260228115922.0
008 - FIXED-LENGTH DATA ELEMENTS
- fixed length control field: 260228|| aca||aabn | a|a d
040 ## - CATALOGING SOURCE
- Original cataloging agency: dpl
- Transcribing agency: dpl
100 ## - HEADING--PERSONAL NAME
- Personal name: Johanna Spyri
670 ## - SOURCE DATA FOUND
- Source citation: Work cat.: (dpl)215193: Johanna Spyri, Heidi: , 2024(Rep)
